000 00662nam a2200229 a 4500
001 BRCA_5555
005 20190320205129.0
008 300311s1929----gw-a######---#000-0#ger-#
041 _ager
044 _agw
100 1 _aPosse, Hans
_914176
245 1 0 _aDie Staatliche Gemäldegalerie Zu Dresden: Erste Abteilung DIE ROMANISCHEN LÄNDER
_cPosse, Hans
260 _aBerlin
_bJulius Verlag Bard
_c1929
300 _a402 p.
_bIlus. 841
_c26 cm.
500 _aF30
650 1 4 _aPintura Rusa
_914177
650 1 4 _aPintura francesa
_95229
650 1 4 _aPintura italiana
_zAlemania
_914178
650 1 4 _aPintura española
_97790
902 _aGFM
942 _2lcc
_cB
999 _c5249
_d5249